El contrato de reproducción cinematográfica / (Record no. 39647)

MARC details
000 -LEADER
campo de control de longitud fija 00697nam a2200217 i 4500
001 - NÚMERO DE CONTROL
campo de control 39647
003 - IDENTIFICADOR DE NÚMERO DE CONTROL
campo de control ES-MaACL
005 - FECHA Y HORA DE LA ÚLTIMA TRANSACCIÓN
campo de control 20250814085557.0
007 - CAMPO FIJO DE DESCRIPCIÓN FÍSICA--INFORMACIÓN GENERAL
campo de control de longitud fija t|
008 - DATOS DE LONGITUD FIJA--INFORMACIÓN GENERAL
campo de control de longitud fija 030303s1953 sp ||||1| spa d
100 1# - ENTRADA PRINCIPAL--NOMBRE DE PERSONA
Nombre de persona Canals Navarrete, Salvador.
9 (RLIN) 34418
245 13 - MENCIÓN DEL TÍTULO
Título El contrato de reproducción cinematográfica /
Mención de responsabilidad, etc. Salvador Canals Navarrete.
260 ## - PUBLICACIÓN, DISTRIBUCIÓN, ETC.
Lugar de publicación, distribución, etc. Madrid :
Nombre del editor, distribuidor, etc. Rialp,
Fecha de publicación, distribución, etc. 1953 (
Fabricante Estades)
300 ## - DESCRIPCIÓN FÍSICA
Extensión 131 p. ;
Dimensiones 24 cm.
490 1# - MENCIÓN DE SERIE
Mención de serie Libros jurídicos ;
Designación de volumen o secuencia 3
650 #7 - PUNTO DE ACCESO ADICIONAL DE MATERIA--TÉRMINO DE MATERIA
Término de materia o nombre geográfico como elemento de entrada Cine-
Subdivisión geográfica España-
Subdivisión de forma Derecho y legislación
Fuente del encabezamiento o término
9 (RLIN) 156740
650 #4 - PUNTO DE ACCESO ADICIONAL DE MATERIA--TÉRMINO DE MATERIA
Término de materia o nombre geográfico como elemento de entrada Propiedad intelectual-
Subdivisión general Cine.
9 (RLIN) 171125
830 1# - PUNTO DE ACCESO ADICIONAL DE SERIE-TÍTULO UNIFORME
Título uniforme Libros jurídicos ;
Designación de volumen o secuencia 3
9 (RLIN) 229494
852 ## - LOCALIZACIÓN
Ubicación ES-MaACL
Número de control de estantería C-7372
Holdings
Estatus retirado Estado de pérdida Estado de daño No para préstamo Biblioteca de origen Biblioteca actual Ubicación en estantería Fecha de adquisición Fuente de adquisición Total de préstamos Signatura topográfica completa Código de barras Visto por última vez Precio de reemplazo Tipo de ítem Koha
        Biblioteca del Ateneo de Madrid Biblioteca del Ateneo de Madrid Sala Palomar 17/01/2008     C-7372 1041755 23/02/2023 23/02/2023 Libro impreso